00849 a2200205 4500003000500000005001700005040000900022082001200031100002900043245006100072250001100133260004300144300002400187505019500211600002900406650004700435942002100482999001900503952012100522Nust20221221091702.0 cNust a323,RUS aRussell, Bertrand937020 aFreedom and organization 1814-1914 / cBertrand Russell, a3rd ed aGeorge Allen & Unwin LtdbLondonc1945 a528 pbillusc24 cm aPart I: The Principle of Legitimacy (Page-13), Part II: The March of Mind (Page-67), Part III: Democracy and Plutocracy In America (Page-259), Part IV: Nationalism and Imperialism (Page-389) aRussell, Bertrand937020 aFreedom and organization 1814-19149105435 2ddccBKk323,RUS c184247d184247 00102ddc4070aMCSbMCScGENd2016-12-12o323,RUSpMCS29575r2016-12-08w2016-12-12yBKzAlmirah No.49, Shelf No.5